00218nam a2200097Ia 4500100002000000654000900020245003800029260003300067300000800100546001200108 aFreed/ Derfier  aPCMN aPC Magzine Guide to using Network bZiff.DavisaCaliforniac1991 a318 aENGLISH